Revuelta y resignación : acerca del envejecer /

Cinco ensayos del pensador austríaco Jean Améry (1912-1978) acerca del envejecimiento del ser humano. Améry, cuyo verdadero nombre era Hans Mayer, advierte que sus reflexiones no tienen vínculos con la geriatría o con la búsqueda de afirmaciones concretas o conocimientos que ayuden organizar la vida...

Whakaahuatanga katoa

I tiakina i:
Ngā taipitopito rārangi puna kōrero
Kaituhi matua: Améry, Jean (autor)
Hōputu: Pukapuka
Reo:Pāniora
I whakaputaina: Valencia, España : Pre-Textos, 2001, c2001
Rangatū:(Pre-Textos ; Ensayo) 523.
Ngā marau:
Ngā Tūtohu: Tāpirihia he Tūtohu
Kāore He Tūtohu, Me noho koe te mea tuatahi ki te tūtohu i tēnei pūkete!

MARC

LEADER 00000nam^a2200000^a^4500
001 000131881
005 20250521000000.0
009 20260310095037.435
020 |a 84-8191-400-2 
037 |a Acervo ITESO - Biblioteca 
041 |a ESP 
082 |a 128.  |b AME 
100 |a Améry, Jean  |e (autor) 
245 1 0 |a Revuelta y resignación :  |b acerca del envejecer /  |c J. Améry ; tr. por Marisa Siguan, Eduardo Aznar Anglès. 
264 4 |a Valencia, España :  |b Pre-Textos,  |c 2001, c2001 
300 |a 144 p. 
336 |a texto  |b txt  |2 rdacontenido 
337 |a sin mediación  |b n  |2 rdamedio 
338 |a volumen  |b nc  |2 rdasoporte 
440 1 |a (Pre-Textos ;  |v 523.  |p Ensayo) 
500 |a Traducción de: Uber das Altern Revolte und Resignation 
520 |a Cinco ensayos del pensador austríaco Jean Améry (1912-1978) acerca del envejecimiento del ser humano. Améry, cuyo verdadero nombre era Hans Mayer, advierte que sus reflexiones no tienen vínculos con la geriatría o con la búsqueda de afirmaciones concretas o conocimientos que ayuden organizar la vida en la vejez, sino trata en ellas sobre la persona que envejece en su relación con el tiempo, con el propio cuerpo, con la civilización, con la sociedad y con la muerte. 
649 |a XX 
650 |a Ancianos 
650 |a Ciclo Vital 
650 |a Vida 
650 |a Muerte 
650 |a Tiempo (Concepto) 
650 |a Alma y Cuerpo 
650 |a Cuerpo Humano 
650 |a Diferencia y Otredad 
650 |a Civilización 
650 |a Ensayos Austríacos 
650 |a Literatura Austríaca -  |y Siglo XX 
650 |a Antropología Filosófica 
650 |a Filosofía del Siglo XX 
910 |a Fondo General 
920 |a Impresos - Libros 
930 |a Colección General 
905 |a 101 
901 |a 0500061220  |b IT1  |c ACC  |u 20250521 
902 |a https://opac.biblio.iteso.mx/vufind/Record/000131881